| 000 | 01007nam a2200301 i 4500 | ||
|---|---|---|---|
| 003 | DO-SdBNP | ||
| 005 | 20240205121016.0 | ||
| 007 | ta | ||
| 008 | 100812s2019 dr 000 0 spa d | ||
| 020 | _a9789945617245 | ||
| 040 |
_aDO-SdBNP _bspa _cBPMSU _erda |
||
| 082 | 4 |
_a923.27293 _bS194J 2019 _222 |
|
| 100 | 1 |
_aJavier, Luis _e1986- |
|
| 245 | 1 | 0 |
_aSánchez / _cLuis Javier |
| 264 |
_aSanto Domingo : _bEditorial Santuario, _c2019. |
||
| 300 |
_a85 páginas _c23 cm. |
||
| 336 |
_2rdacontent _atexto _btxt |
||
| 337 |
_2rdamedia _asin mediación _bn |
||
| 338 |
_2rdacarrier _avolumen _bnc |
||
| 500 | _aIncluye datos biografícos del autor en la solapa de la contraportada. | ||
| 590 | _aInventariado, 2024 /VM | ||
| 600 | 1 | 4 |
_aRosario Sánchez, Francisco del _d1817-1861 |
| 651 | 4 |
_aRepública Dominicana _xHistoria _y1844-1864 |
|
| 651 | 4 |
_aRepública Dominicana _vBiografías |
|
| 700 | 1 |
_aRodríguez Pérez, Rafael J. _eeditor |
|
| 910 | _aVMateo V. Control de calidad. BPMSU | ||
| 942 |
_2ddc _cBK |
||
| 999 |
_c14553 _d14553 |
||